| 000 | 00370nam a2200133Ia 4500 | ||
|---|---|---|---|
| 008 | 210423s2011 xx 000 0 und d | ||
| 041 | _aeng | ||
| 082 | _a658.152 NAGK | ||
| 100 | _aNAGARAJAN (K);JAYABAL (G). | ||
| 245 | _aSecurity analysis and portfolio management. | ||
| 260 |
_aNew Delhi _bNew Age International _c2011 |
||
| 300 |
_axii,396 _bPB |
||
| 365 |
_b250 _cINR |
||
| 999 |
_c161175 _d161175 |
||